|
|
|
|
| LEADER |
02266nam a22004215i 4500 |
| 001 |
978-1-4020-2456-6 |
| 003 |
DE-He213 |
| 005 |
20151204145112.0 |
| 007 |
cr nn 008mamaa |
| 008 |
100301s2005 ne | s |||| 0|eng d |
| 020 |
|
|
|a 9781402024566
|9 978-1-4020-2456-6
|
| 024 |
7 |
|
|a 10.1007/1-4020-2456-8
|2 doi
|
| 040 |
|
|
|d GrThAP
|
| 050 |
|
4 |
|a LB2300-2799.3
|
| 072 |
|
7 |
|a JNM
|2 bicssc
|
| 072 |
|
7 |
|a EDU015000
|2 bisacsh
|
| 082 |
0 |
4 |
|a 378
|2 23
|
| 245 |
1 |
0 |
|a Higher Education: Handbook of Theory and Research
|h [electronic resource] /
|c edited by John C. Smart.
|
| 264 |
|
1 |
|a Dordrecht :
|b Springer Netherlands,
|c 2005.
|
| 300 |
|
|
|a X, 562 p.
|b online resource.
|
| 336 |
|
|
|a text
|b txt
|2 rdacontent
|
| 337 |
|
|
|a computer
|b c
|2 rdamedia
|
| 338 |
|
|
|a online resource
|b cr
|2 rdacarrier
|
| 347 |
|
|
|a text file
|b PDF
|2 rda
|
| 490 |
1 |
|
|a Higher Education: Handbook of Theory and Research,
|x 0882-4126 ;
|v 19
|
| 505 |
0 |
|
|a Service Through Research: My Life in Higher Education -- The Opportunity Agenda: A Reexamination of Postsecondary Reward and Opportunity -- A Cultural Analysis of Shared Governance: The Challenges Ahead -- Statewide Community College Governance Structures: Factors that Influence and Issues that Test Effectiveness -- Computing and Interpreting Effect Sizes -- Follow the Money: The Changing World of Budgeting in Higher Education -- Tuition Fees in Europe and Australasia: Theory, Trends and Policies -- Toward Massification: Higher Education Development in the People’s Republic of China Since 1949 -- Theory and Research on the Development of Moral Reasoning Among College Students -- Faculty Professional Development for the 21st Century -- Doctoral Student Attrition and Persistence: A Meta-Synthesis of Research.
|
| 650 |
|
0 |
|a Education.
|
| 650 |
|
0 |
|a Higher education.
|
| 650 |
1 |
4 |
|a Education.
|
| 650 |
2 |
4 |
|a Higher Education.
|
| 700 |
1 |
|
|a Smart, John C.
|e editor.
|
| 710 |
2 |
|
|a SpringerLink (Online service)
|
| 773 |
0 |
|
|t Springer eBooks
|
| 776 |
0 |
8 |
|i Printed edition:
|z 9781402019197
|
| 830 |
|
0 |
|a Higher Education: Handbook of Theory and Research,
|x 0882-4126 ;
|v 19
|
| 856 |
4 |
0 |
|u http://dx.doi.org/10.1007/1-4020-2456-8
|z Full Text via HEAL-Link
|
| 912 |
|
|
|a ZDB-2-SHU
|
| 950 |
|
|
|a Humanities, Social Sciences and Law (Springer-11648)
|